000 00584cam a2200181 4500500
005 20260329004027.0
041 _afre
042 _adc
100 1 0 _aLacroix, Samuel
_eauthor
245 0 0 _aBibliothèque idéale des philosophes antiques. De Pythagore à Boèce
260 _c2018.
500 _a95
690 _aAntique
690 _aJean-Louis Poirier
690 _aPythagore
786 0 _nPhilosophie magazine | 116 | 2 | 2018-02-01 | p. 66-66 | 1951-1787
856 4 1 _uhttps://shs.cairn.info/magazine-philosophie-magazine-2018-2-page-66?lang=fr&redirect-ssocas=7080
999 _c1829913
_d1829913